[Event "Niederbayernliga 1213"]
[White "Bachheibl, Robert"]
[Black "Post, Hermann"]
[Site "Bayern"]
[Round "1.6"]
[Result "0-1"]
[Date "2012.10.14"]
[WhiteElo "1606"]
[BlackElo "1557"]
[PlyCount "97"]
[EventDate "2012.10.14"]
[EventType "team-tourn"]
[EventRounds "9"]
[EventCountry "GER"]
[SourceTitle "EXT 2023"]
[Source "ChessBase"]
[SourceDate "2022.10.05"]
[SourceVersion "1"]
[SourceVersionDate "2022.10.05"]
[SourceQuality "1"]
[WhiteTeam "Rottal III"]
[BlackTeam "Rottal II"]
[WhiteTeamCountry "GER"]
[BlackTeamCountry "GER"]

1. d4 f5 2. c4 Nf6 3. Nc3 e6 4. Bf4 Be7 5. e3 0-0 6. Bd3 b6 7. Nge2 Bb7 8. 0-0 d6 9. f3 Nh5 10. Qd2 Nd7 11. Rac1 g5 12. Bg3 Nxg3 13. hxg3 a6 14. a3 Kg7 15. b4 Bf6 16. Bb1 Kg6 17. g4 Bg7 18. gxf5+ exf5 19. Ng3 Kf7 20. Bxf5 Kg8 21. Qd3 Nf6 22. Be6+ Kh8 23. Nf5 Qe8 24. Nxg7 Kxg7 25. d5 Bc8 26. Qf5 Qg6 27. Bxc8 Raxc8 28. Qxg6+ Kxg6 29. e4 Nh5 30. Ne2 Nf4 31. Nxf4+ Rxf4 32. g3 Rf6 33. g4 h5 34. gxh5+ Kxh5 35. Kg2 Rcf8 36. Kg3 Rf4 37. Rf2 Rh4 38. Rcf1 Rhf4 39. a4 Kg6 40. Rc1 g4 41. Rcf1 Kg5 42. Kg2 gxf3+ 43. Rxf3 Rg4+ 44. Kf2 Rxf3+ 45. Kxf3 Rf4+ 46. Ke2 Rxf1 47. Kxf1 Kf4 48. Ke2 Kxe4 49. Kd2 0-1

[Event "Bad Griesbach Seniors op 12th"]
[White "Lamprecht, Friedrich"]
[Black "Post, Hermann"]
[Site "Bad Griesbach"]
[Round "2"]
[Result "0-1"]
[Date "2009.11.30"]
[WhiteElo "1739"]
[BlackElo "1619"]
[PlyCount "56"]
[EventDate "2009.11.29"]
[EventType "swiss"]
[EventRounds "7"]
[EventCountry "GER"]
[SourceTitle "EXT 2015"]
[Source "ChessBase"]
[SourceDate "2014.11.20"]
[SourceVersion "1"]
[SourceVersionDate "2014.11.20"]
[SourceQuality "1"]

1. f4 e6 2. Nf3 Nf6 3. e3 b6 4. Be2 Bb7 5. b3 Be7 6. Bb2 0-0 7. 0-0 d6 8. d3 c5 9. h3 Nd5 10. Qd2 Bf6 11. c3 Qc7 12. Na3 a6 13. e4 Ne7 14. c4 e5 15. f5 Nbc6 16. Nc2 Nd4 17. Ncxd4 exd4 18. g4 d5 19. e5 Bxe5 20. Rae1 Bf4 21. Qc2 Be3+ 22. Kg2 dxc4 23. bxc4 Nc6 24. a4 Rae8 25. Rb1 Nb4 26. Qd1 Bg5 27. Bxd4 cxd4 28. Rxb4 Bh4 0-1

[Event "Bad Griesbach Seniors op 11th"]
[White "Zorn, Guenter"]
[Black "Post, Hermann"]
[Site "Bad Griesbach"]
[Round "2"]
[Result "0-1"]
[Date "2008.12.08"]
[WhiteElo "1318"]
[BlackElo "1656"]
[PlyCount "120"]
[EventDate "2008.12.07"]
[EventType "swiss"]
[EventRounds "7"]
[EventCountry "GER"]
[SourceTitle "EXT 2015"]
[Source "ChessBase"]
[SourceDate "2014.11.20"]
[SourceVersion "1"]
[SourceVersionDate "2014.11.20"]
[SourceQuality "1"]

1. d4 f5 2. e3 Nf6 3. b3 e6 4. Bb2 Be7 5. Bd3 b6 6. Nf3 Bb7 7. 0-0 0-0 8. Nbd2 d6 9. Nc4 Ne4 10. Bxe4 fxe4 11. Ne1 Qe8 12. Qg4 Qf7 13. Nd2 d5 14. f3 Qf5 15. Qxf5 exf5 16. fxe4 fxe4 17. g3 Nd7 18. Ng2 g5 19. c4 Bb4 20. Rad1 Rxf1+ 21. Kxf1 Rf8+ 22. Kg1 c6 23. a3 Bd6 24. b4 h5 25. c5 Bc7 26. a4 bxc5 27. dxc5 Ba6 28. Bd4 Ne5 29. Bxe5 Bxe5 30. Rc1 Rb8 31. b5 cxb5 32. axb5 Bxb5 33. c6 Rc8 34. Nb3 Rxc6 35. Rd1 Rd6 36. Ne1 Kf7 37. Nd4 Bxd4 38. Rxd4 Bc4 39. Rd1 a5 40. Rb1 a4 41. Nc2 Bb3 42. Nd4 Rb6 43. Kf2 Rf6+ 44. Kg2 Rb6 45. Kf2 g4 46. Ke1 Ke7 47. Kd2 Kd6 48. Kc3 Ke5 49. Nxb3 Rxb3+ 50. Rxb3 axb3 51. Kxb3 d4 52. exd4+ Kxd4 53. Kc2 e3 54. Kd1 Kd3 55. Ke1 Kd4 56. Ke2 Ke4 57. Ke1 Kf3 58. Kf1 e2+ 59. Ke1 Kg2 60. Kxe2 Kxh2 0-1

[Event "Bad Griesbach Seniors op 10th"]
[White "Post, Hermann"]
[Black "Smits, Oswald"]
[Site "Bad Griesbach"]
[Round "3"]
[Result "0-1"]
[Date "2007.12.04"]
[WhiteElo "1646"]
[BlackElo "1729"]
[PlyCount "78"]
[EventDate "2007.12.02"]
[EventType "swiss"]
[EventRounds "7"]
[EventCountry "GER"]
[SourceTitle "EXT 2015"]
[Source "ChessBase"]
[SourceDate "2014.11.20"]
[SourceVersion "1"]
[SourceVersionDate "2014.11.20"]
[SourceQuality "1"]

1. d4 Nf6 2. c4 e6 3. Nc3 d5 4. cxd5 exd5 5. Bg5 c6 6. e3 Be7 7. Bd3 0-0 8. Bxf6 Bxf6 9. Qc2 h6 10. Rc1 Re8 11. Nge2 Be6 12. 0-0 Nd7 13. Na4 Be7 14. a3 Bd6 15. h3 Qh4 16. Bf5 Qg5 17. Bxe6 Rxe6 18. f4 Qe7 19. Ng3 g6 20. e4 dxe4 21. f5 Rf6 22. Nxe4 Rxf5 23. Rxf5 gxf5 24. Nxd6 Qxd6 25. Qf2 Rd8 26. Nc5 Nxc5 27. Rxc5 Qxd4 28. Qxd4 Rxd4 29. Rxf5 Rd1+ 30. Rf1 Rxf1+ 31. Kxf1 Kg7 32. Kf2 Kf6 33. Kf3 Kf5 34. g4+ Ke5 35. h4 f6 36. Ke3 a5 37. a4 b6 38. b3 b5 39. axb5 cxb5 0-1